[Event "SWE AM2001"]
[Site "Sweden"]
[Date "2001.??.??"]
[Round "5"]
[White "Thorsson, Anders"]
[Black "Ostberg, Peter"]
[Result "0-1"]
[WhiteElo "1300"]
[BlackElo "2250"]
[PlyCount "32"]
[EventDate "2001.??.??"]
[EventType "tourn"]
[EventRounds "15"]
[EventCountry "SWE"]
[SourceTitle "EXT 2003"]
[Source "ChessBase"]
[SourceDate "2002.11.25"]
[SourceVersion "1"]
[SourceVersionDate "2002.11.25"]
[SourceQuality "1"]

1. e4 c5 2. Nf3 e6 3. g3 Nc6 4. c4 g6 5. Bg2 Bg7 6. d3 Nge7 7. a3 d6 8. Qc2 a6 9. Nc3 Rb8 10. Rb1 b5 11. Bd2 b4 12. axb4 Nxb4 13. Qa4+ Bd7 14. Qd1 Nxd3+ 15. Kf1 Nxb2 16. Qc2 Nxc4 0-1